000 01282pam a2200313 a 4500
003 OSt
005 20260205151027.0
007 cr_|||||||||||
008 910925s1992 caua b s101 0 eng
020 _a0520075986
020 _a0520075994
040 _aKABLIB
_cKABLIB
_erda
082 _a306
_223
_bTHE
245 0 0 _aTheory of culture /
_cedited by Richard Münch, Neil J. Smelser.
260 _aBerkeley :
_bUniversity of California Press ,
_cc1992.
300 _axiii, 410 p. :
_bill. ;
_c24 cm
504 _aIncludes index.
530 _aA digital reproduction is available from E-Editions, a collaboration of the University of California Press and the California Digital Library's eScholarship program.
650 0 _aCulture
650 0 _aCultural policy
_915433
700 1 _aMünch, Richard,
_915434
700 1 _aSmelser, Neil J.
_915435
856 4 2 _uhttp://www.loc.gov/catdir/bios/ucal051/91037737.html
856 4 1 _uhttp://www.loc.gov/catdir/toc/ucal041/91037737.html
906 _a7
_bcbc
_corignew
_d1
_eocip
_f19
_gy-gencatlg
942 _2ddc
_cBOOK
999 _c6080
_d6080